Legends Arceus Pokedex - Statistics

General Stats
  • This quiz has been taken 59 times
  • The average score is 185 of 242
Answer Stats
Number Type Pokémon % Correct
1 Grass / Flying Rowlet
100%
58 Psychic Abra
89%
20 Bug / Flying Beautifly
89%
11 Normal / Water Bibarel
89%
10 Normal Bidoof
89%
41 Water Buizel
89%
21 Bug Cascoon
89%
61 Fire Chimchar
89%
4 Fire Cyndaquil
89%
3 Grass / Fighting Decidueye
89%
8 Water Dewott
89%
235 Steel / Dragon Dialga
89%
22 Bug / Poison Dustox
89%
163 Water / Steel Empoleon
89%
42 Water Floatzel
89%
136 Ghost / Poison Gastly
89%
138 Ghost / Poison Gengar
89%
48 Rock / Ground Golem
89%
137 Ghost / Poison Haunter
89%
16 Electric Luxio
89%
17 Electric Luxray
89%
156 Fighting Machamp
89%
7 Water Oshawott
89%
5 Fire Quilava
89%
9 Water / Dark Samurott
89%
15 Electric Shinx
89%
19 Bug Silcoon
89%
14 Normal / Flyjng Staraptor
89%
13 Normal / Flying Staravia
89%
12 Normal / Fying Starly
89%
112 Normal Teddiursa
89%
127 Fairy Togepi
89%
128 Fairy / Flying Togetic
89%
6 Fire / Ghost Typhlosion
89%
113 Normal Ursaring
89%
18 Bug Wurmple
89%
60 Psychic Alakazam
84%
167 Water / Ghost Basculegion
84%
166 Water Basculin
84%
2 Grass / Flying Dartrix
84%
25 Normal Eevee
84%
193 Electric / Grass Electrode
84%
182 Electric Elekid
84%
29 Psychic Espeon
84%
28 Fire Flareon
84%
46 Rock / Ground Geodude
84%
185 Ground / Flying Gligar
84%
117 Dragon / Steel Goodra
84%
47 Rock / Ground Graveler
84%
150 Fire / Rock Growlithe
84%
141 Dark / Flying Honchkrow
84%
63 Fire / Fighting Infernape
84%
27 Electric Jolteon
84%
59 Psychic Kadabra
84%
74 Bug / Rock Kleavor
84%
94 Grass / Fighting Lilligant
84%
155 Fighting Machoke
84%
154 Fighting Machop
84%
62 Fire / Fighting Monferno
84%
236 Water / Dragon Palkia
84%
55 Electric Pichu
84%
56 Electric Pikachu
84%
161 Water Piplup
84%
23 Fire Ponyta
84%
162 Water Prinplup
84%
84 Dark / Poison Qwilfish
84%
57 Electric Raichu
84%
24 Fire Rapidash
84%
73 Bug / Steel Scizor
84%
72 Bug / Flying Scyther
84%
129 Fairy / Flying Togekiss
84%
130 Grass Turtwig
84%
30 Dark Umbreon
84%
26 Water Vaporeon
84%
192 Electric / Grass Voltorb
84%
151 Fire / Rock Arcanine
79%
238 ??? Arceus
79%
216 Ice / Rock Avalugg
79%
97 Water / Ground Barboach
79%
89 Grass / Poison Budew
79%
43 Bug Burmy
79%
199 Fairy Cleffa
79%
36 Poison / Flying Crobat
79%
37 Ghost / Flying Drifloon
79%
183 Electric Electabuzz
79%
32 Ice Glaceon
79%
186 Ground / Flying Gliscor
79%
35 Poison / Flying Golbat
79%
115 Dragon Goomy
79%
131 Grass Grotle
79%
75 Bug / Fighting Heracross
79%
39 Bug Kricketot
79%
31 Grass Leafeon
79%
174 Fire Magby
79%
175 Fire Magmar
79%
165 Water / Flying Mantine
79%
164 Water / Flying Mantyke
79%
140 Dark / Flying Murkrow
79%
169 Fire Ninetales
79%
85 Dark / Poison Overqwil
79%
53 Bug / Grass Paras
79%
146 Water Remoraid
79%
90 Grass / Poison Roselia
79%
91 Grass / Poison Roserade
79%
144 Water / Ice Sealeo
79%
202 Poison / Fighting Sneasel
79%
143 Water / Ice Spheal
79%
49 Normal Stantler
79%
33 Fairy Sylveon
79%
132 Grass / Ground Torterra
79%
114 Normal / Ground Ursaluna
79%
168 Fire Vulpix
79%
145 Water / Ice Walrein
79%
98 Water / Ground Whiscash
79%
44 Bug / ??? Wormadam
79%
50 Normal / Psychic Wyrdeer
79%
105 Bug / Flying Yanma
79%
106 Bug / Flying Yanmega
79%
34 Poison / Flying Zubat
79%
227 Psychic Azelf
74%
88 Normal Blissey
74%
222 Psychic / Flying Braviary
74%
180 Steel / Psychic Bronzor
74%
64 Normal Buneary
74%
87 Normal Chansey
74%
157 Normal / Flying Chatot
74%
67 Grass Cherrim
74%
66 Grass Cherubi
74%
200 Fairy Clefairy
74%
99 Poison / Fighting Croagunk
74%
149 Poison / Dark Drapion
74%
38 Ghost / Flying Drifblim
74%
184 Electric Electivire
74%
188 Dragon / Ground Gabite
74%
104 Psychic / Fighting Gallade
74%
189 Dragon / Ground Garchomp
74%
103 Psychic / Fairy Gardevoir
74%
83 Water / Ground Gastrodon
74%
187 Dragon / Ground Gible
74%
237 Ghost / Dragon Giratina
74%
86 Normal Happiny
74%
107 Ground Hippopotas
74%
108 Ground Hippowdon
74%
102 Psychic / Fairy Kirlia
74%
40 Bug Kricketune
74%
65 Normal Lopunny
74%
224 Fighting / Steel Lucario
74%
177 Electric / Steel Magnemite
74%
214 Ice / Ground Mamoswine
74%
226 Psychic Mesprit
74%
197 Ghost Misdreavus
74%
45 Bug / Flying Mothim
74%
77 Psychic / Fairy Mr. Mime
74%
190 Rock Nosepass
74%
147 Water Octillery
74%
118 Rock / Ground Onix
74%
54 Bug / Grass Parasect
74%
213 Ice / Ground Piloswine
74%
191 Rock / Steel Probopass
74%
68 Water Psyduck
74%
153 Normal Purugly
74%
101 Psychic / Fairy Ralts
74%
121 Rock / Ground Rhydon
74%
120 Rock / Ground Rhyhorn
74%
122 Rock / Ground Rhyperior
74%
223 Fighting Riolu
74%
221 Normal / Flying Rufflet
74%
148 Poison / Bug Skorupi
74%
139 Ghost / Dark Spiritomb
74%
119 Steel / Ground Steelix
74%
212 Ice / Ground Swinub
74%
96 Grass Tangrowth
74%
170 Water / Poison Tentacool
74%
171 Water / Poison Tentacruel
74%
100 Poison / Fighting Toxicroak
74%
204 Ice / Dark Weavile
74%
215 Ice Bergmite
68%
123 Rock Bonsly
68%
181 Steel / Psychic Bronzong
68%
92 Grass Carnivine
68%
201 Fairy Clefable
68%
230 Psychic Cresselia
68%
242 Dark Darkrai
68%
159 Ghost Dusclops
68%
160 Ghost Dusknoir
68%
158 Ghost Duskull
68%
172 Water Finneon
68%
152 Normal Glameow
68%
69 Water Golduck
68%
81 Water / Flying Gyarados
68%
228 Fire / Steel Heatran
68%
173 Water Lumineon
68%
80 Water Magikarp
68%
176 Fire Magmortar
68%
178 Electric / Steel Magneton
68%
76 Psychic / Fairy Mime Jr.
68%
198 Ghost Mismagius
68%
51 Normal Munchlax
68%
109 Electric Pachirisu
68%
93 Grass Petilil
68%
229 Normal Regigigas
68%
241 Grass Shaymin
68%
82 Water Shellos
68%
111 Poison / Dark Skuntank
68%
116 Dragon / Steel Sliggoo
68%
203 Poison / Fighting Sneasler
68%
52 Normal Snorlax
68%
110 Poison / Dark Stunky
68%
124 Rock Sudowoodo
68%
95 Grass Tangela
68%
225 Psychic Uxie
68%
218 Ice / Grass Abomasnow
63%
211 Rock / Steel Bastiodon
63%
196 Psychic Chimecho
63%
195 Psychic Chingling
63%
70 Bug / Flying Combee
63%
208 Rock Cranidos
63%
234 Fairy / Flying Enamorus
63%
207 Ice / Ghost Froslass
63%
206 Ice Glalie
63%
233 Ground / Flying Landorus
63%
179 Electric / Steel Magnezone
63%
240 Water Manaphy
63%
239 Water Phione
63%
209 Rock Rampardos
63%
210 Rock / Steel Shieldon
63%
205 Ice Snorunt
63%
217 Ice / Grass Snover
63%
231 Electric / Flying Thundurus
63%
232 Flying Tornadus
63%
71 Bug / Flying Vespiquen
63%
220 Normal / Ghost Zoroark
63%
219 Normal / Ghost Zorua
63%
126 Normal Lickilicky
58%
125 Normal Lickitung
58%
133 Normal Porygon
58%
134 Normal Porygon2
58%
135 Normal Porygon-Z
58%
194 Electric / ??? Rotom
58%
78 Normal Aipom
53%
79 Normal Ambipom
53%
142 Psychic Unown
42%
No matching quizzes found
Score Distribution
Percent of People with Each Score
Percentile by Number Answered
Your Score History
You have not taken this quiz